000 00667nam a22001697a 4500
003 OSt
005 20171010095535.0
008 121008t xxu||||| |||| 00| 0 eng d
040 _aMMSU
_cULS
100 _aMaligsa, Arjay S., et al.
_913209
245 _aImprovement of smart signal coverage through the establishment of a base transceiver station at Lipay, Vintar, Ilocos Norte
_cArjay S. Maligsa, et al.
260 _c2008
300 _axiv, [101] leaves
_c28 cm.
500 _aThesis (BS Electronics & Communications Engineering) -- Mariano Marcos State University-College of Engineering, Batac City
504 _aBibliography: leaf 47
942 _2ddc
_cTHEDIS
999 _c9831
_d9831